000 00707nam a2200277Ia 4500
001 Z_4156
003 CHAP
008 220113s2001 xx 000 0 und d
010 _a167219
040 _cCHAP
090 _aFolleto 603
100 _aComisión Técnico Consultiva de Coeficientes de Agostadero
_9141362
245 _aGramíneas recomendadas para zonas tropicales : Guinea (Panicum maximum) /
_cpor COTECOCA
260 _aMéxico, D.F. :
_bSAGARPA,
_c2001
300 _a1 hoja desplegable
440 _a
500 _a
503 _a
650 _aPanicum maximum
_985105
901 _aFolleto 603
902 _aA
910 _a2001
942 _cc14
942 _cc14
999 _c167219
_d167219